Great City Parks
Gespeichert in:
| 1. Verfasser: | |
|---|---|
| Format: | Buch |
| Veröffentlicht: |
London :
Spon Press,
2004
|
| Ausgabe: | 2.vyd. |
| Schlagworte: | |
| Tags: |
Keine Tags, Fügen Sie das erste Tag hinzu!
|
MARC
| LEADER | 00000nam a22000003a 4500 | ||
|---|---|---|---|
| 001 | stu100750 | ||
| 005 | 20150617225824.6 | ||
| 008 | 051227s2004----------------------------d | ||
| 020 | |a 0-415-30636-1 | ||
| 040 | |a STU |b slo | ||
| 041 | 0 | ||
| 100 | 1 | |a Tate, Alan |4 aut | |
| 245 | 1 | |a Great City Parks | |
| 250 | |a 2.vyd. | ||
| 260 | |a London : |b Spon Press, |c 2004 | ||
| 300 | |a 217 s | ||
| 650 | 7 | |a parky |2 stusub | |
| 996 | |b 284AU01822 |c A*4473 U |l AAKNAR |s A |a 24 |w stu100750_0001 | ||